000 00354nam a2200169Ia 4500
008 210210b1927 xxu||||| |||| 00| 0 eng d
041 _aeng
082 _a430/45
100 _a-
245 _aMalaria et chininum
260 _a
_bNot Mentioned
_c1927
300 _a60
650 _aMalaria
650 _aet
650 _achininum
906 _a006187
999 _c128415
_d128415